00259nam a2200097 a 4500008004100000050001700041100001500058245007000073260000900143350000900152120416s1978 xx |||||||||||||| || u aS 591.55 Fan aFaniran, A10aEssentials of soil study with special reference to tropical areas c1978 a0.00